Words and phrases legally defined (Record no. 102542)

MARC details
000 -LEADER
fixed length control field 00494cam a2200205 4500
008 - FIXED-LENGTH DATA ELEMENTS--GENERAL INFORMATION
fixed length control field #DATE n2002 000 0 eng u
020 ## - INTERNATIONAL STANDARD BOOK NUMBER
International Standard Book Number 0406080402
035 ## - SYSTEM CONTROL NUMBER
System control number (Sirsi) u120668
041 ## - LANGUAGE CODE
Language code of text/sound track or separate title eng
050 ## - LIBRARY OF CONGRESS CALL NUMBER
Classification number 340.03
245 ## - TITLE STATEMENT
Title Words and phrases legally defined
250 ## - EDITION STATEMENT
Edition statement 3rd ed.
260 ## - PUBLICATION, DISTRIBUTION, ETC.
Place of publication, distribution, etc. London
Name of publisher, distributor, etc. Butterworths
Date of publication, distribution, etc. 1988 - 2002
300 ## - PHYSICAL DESCRIPTION
Extent 5 v.
Dimensions 25cm.
350 ## - PRICE (NR) (BK AM CF MU VM SE) [OBSOLETE]
Price 5.75
650 ## - SUBJECT ADDED ENTRY--TOPICAL TERM
Topical term or geographic name entry element DICTIONARIES
650 ## - SUBJECT ADDED ENTRY--TOPICAL TERM
Topical term or geographic name entry element LAW
700 ## - ADDED ENTRY--PERSONAL NAME
Personal name Saunders, John B.
International Standard Serial Number Editor
942 ## - ADDED ENTRY ELEMENTS (KOHA)
Suppress in OPAC 0
Holdings
Withdrawn status Lost status Source of classification or shelving scheme Damaged status Not for loan Home library Current library Shelving location Date acquired Cost, normal purchase price Total Checkouts Full call number Barcode Date last seen Copy number Cost, replacement price Price effective from Koha item type
    Other/Generic Classification Scheme     London London Enquiry desk 04/12/2002 53.50   340.03 WOR 30068259 06/08/2019 1 53.50 06/08/2019 Reference material
    Other/Generic Classification Scheme     London London Books 23/04/2008     340.03 WOR 30065552 06/08/2019 2   06/08/2019 Reference material
    Other/Generic Classification Scheme     London London Books 23/04/2008     340.03 WOR 30065553 06/08/2019 3   06/08/2019 Reference material
    Other/Generic Classification Scheme     London London Books 23/04/2008     340.03 WOR 30065554 06/08/2019 4   06/08/2019 Reference material
    Other/Generic Classification Scheme     London London Books 23/04/2008     340.03 WOR 30065555 06/08/2019 5   06/08/2019 Reference material